[Event "San Sebastian op"]
[Site "San Sebastian"]
[Date "1991.??.??"]
[Round "3"]
[White "Mayer, Rene"]
[Black "Hector, Jonny"]
[Result "0-1"]
[WhiteElo "2250"]
[BlackElo "2465"]

1.c4 c6 2.Nf3 d5 3.b3 Bg4 4.Bb2 Nd7 5.d3 Ngf6 6.Nbd2 Qb8 7.h3 Bxf3 8.Nxf3 e5
9.e3 e4 10.Nd2 Bc5 11.Qc2 dxc4 12.dxc4 O-O 13.Nxe4 Nxe4 14.Qxe4 Bb4+ 15.Ke2 Re8
16.Qc2 b5 17.g3 bxc4 18.bxc4 Bc5 19.Qc3 Bf8 20.Bg2 Ne5 21.Rab1 Qc8 22.Rhc1 Qa6
23.Qc2 Rad8 24.Bxe5 Rxe5 25.Qb3 Ra5 26.Rc2 Ra3 27.Qb2 g6 28.Rd1 Rc8 29.Rd7 Bg7
30.Qb1 Bc3 31.Be4 Qxc4+ 32.Bd3 Qe6 33.Rb7 Qxh3 34.Rb3 Rxb3 35.Qxb3 Qh5+ 36.Kf1 Qd1+
37.Kg2 Qxd3 38.Rxc3 Qe4+ 39.Kg1 Rd8 40.Rc1 h5 41.Qb7 h4 42.gxh4 Qg4+ 43.Kf1 Qxh4
44.Qxc6 Rd2 45.Qf3 Rxa2 46.Rc7 Ra1+ 47.Ke2 Kh8 48.Qxf7 Qh5+ 49.f3 Qb5+ 50.Kd2 Qb4+
51.Ke2 Qe1+ 52.Kd3 Ra3+ 53.Kc4 Rc3+ 54.Kb5 Qb1+  0-1

[Event "Santa Clara"]
[Site "Santa Clara"]
[Date "1991.??.??"]
[Round "11"]
[White "Pigusov, Evgeny"]
[Black "Ruban, Vadim"]
[Result "1/2-1/2"]
[WhiteElo "2540"]
[BlackElo "2575"]

1.c4 c6 2.Nc3 d5 3.cxd5 cxd5 4.d4 Nf6 5.Nf3 Nc6 6.Bf4 Bf5 7.e3 e6 8.Bd3 Bxd3
9.Qxd3 Bd6 10.Bxd6 Qxd6 11.O-O O-O 12.Rfc1  1/2-1/2

[Event "Schellenberg op"]
[Site "Schellenberg"]
[Date "1991.??.??"]
[Round "4"]
[White "Novkovic, Milan"]
[Black "Sokolova, Marina"]
[Result "0-1"]
[WhiteElo "2380"]
[BlackElo "2150"]

1.c4 c6 2.d4 d5 3.Nf3 Nf6 4.Nc3 dxc4 5.a4 Bf5 6.Nh4 e6 7.e3 Bb4 8.Nxf5 exf5
9.Bxc4 O-O 10.O-O Nbd7 11.Qd3 Nb6 12.Bb3 g6 13.a5 Nbd7 14.a6 b5 15.Qb1 Nb6
16.Rd1 Qe7 17.Bd2 Bd6 18.g3 Rac8 19.Qa2 Rfd8 20.Rac1 Bb8 21.Ne2 Re8 22.Rc2 Nbd5
23.Be1 Kg7 24.Nc1 h5 25.h4 Qe4 26.Re2 Qf3 27.Rd3 Bxg3 28.e4 Bh2+ 29.Kxh2 Ng4+
30.Kg1 Qf4 31.f3 fxe4 32.fxe4 Nde3 33.Rdxe3 Nxe3  0-1

[Event "SLO-ch"]
[Site "SLO"]
[Date "1991.??.??"]
[Round "?"]
[White "Ivacic, Vladimir"]
[Black "Zorman, Vojko"]
[Result "1-0"]
[WhiteElo "2305"]
[BlackElo "2270"]

1.c4 c6 2.Nf3 d5 3.b3 Nf6 4.g3 e6 5.Bg2 Nbd7 6.Bb2 Bd6 7.O-O O-O 8.Nc3 a6
9.d3 e5 10.cxd5 cxd5 11.Nh4 d4 12.Ne4 Nxe4 13.dxe4 Nf6 14.Qd3 Bd7 15.Nf5 Bb5
16.Qf3 Bc6 17.Nxd6 Qxd6 18.Qd3 Qe6 19.Rfd1 Rad8 20.e3 dxe3 21.Qxe3 h6 22.f3 Rxd1+
23.Rxd1 Rc8 24.Ba3 Qe8 25.Qd2 Rc7 26.Bh3 Bd7 27.Qd6 Qc8 28.Bf1 Rc2 29.Rd2 Rxd2
30.Qxd2 Bh3 31.Be2 Qc6 32.Kf2 Be6 33.Bb2 Qc5+ 34.Qe3 Qxe3+ 35.Kxe3 Nd7 36.Ba3 f6
37.f4 g5 38.f5 Bf7 39.h4 gxh4 40.gxh4 Nb8 41.Bc5 Nd7 42.Be7 Kg7 43.Kd2 Nb6
44.Kc3 Be8 45.Bc5 Nd7 46.Be3 Nb8 47.Ba7 Nc6 48.Bc5 Nb8 49.a4 Bc6 50.Bd3 Nd7
51.Be3 Kh7 52.Bc2 Kg7 53.Kc4 Kh7 54.Kb4 Kg7 55.Ka5 Kh7 56.Bd3 Kg7 57.b4 Nf8
58.b5 axb5 59.axb5 Be8 60.Kb6  1-0

[Event "Smolensk"]
[Site "Smolensk"]
[Date "1991.??.??"]
[Round "?"]
[White "Vaulin, Alexander"]
[Black "Ruban, Vadim"]
[Result "1/2-1/2"]
[WhiteElo "2510"]
[BlackElo "2570"]

1.c4 c6 2.e4 d5 3.exd5 cxd5 4.cxd5 Qxd5 5.Nc3 Qd8 6.d4 e6 7.Nf3 Nf6 8.Be2 Nc6
9.O-O Be7 10.Be3 Nd5 11.Nxd5 exd5 12.Ne5 O-O 13.Qb3 Na5 14.Qa4 f6 15.b4 fxe5
16.bxa5 e4 17.a6 bxa6 18.Bxa6 Bxa6 19.Qxa6 Qb6 20.Qa4 Qb4 21.Qc6 Qd6 22.Qa4 Qb4
23.Qc6 Qd6 24.Qa4 Qb4  1/2-1/2

[Event "St Ingbert op"]
[Site "St Ingbert"]
[Date "1991.??.??"]
[Round "6"]
[White "Heyken, Enno"]
[Black "Klebel, Martin"]
[Result "0-1"]
[WhiteElo "2415"]
[BlackElo "2435"]

1.c4 c6 2.e4 d5 3.exd5 cxd5 4.d4 Nf6 5.Nc3 e6 6.c5 Be7 7.Nf3 O-O 8.Bd3 b6
9.b4 a5 10.Na4 Nfd7 11.Qc2 b5 12.Bxb5 axb4 13.a3 Qa5 14.Qe2 Ba6 15.Bxa6 Rxa6
16.Nb6 Nxb6 17.cxb6 bxa3+ 18.Bd2 Qxb6 19.O-O Nc6 20.Qd3 a2 21.Rfc1 Ra3 22.Bc3 Na5
23.Bxa5 Qxa5 24.Qc2 Bb4  0-1

[Event "Sydney Mercantile"]
[Site "Sydney"]
[Date "1991.??.??"]
[Round "6"]
[White "Gedevanishvili, Dmitry"]
[Black "Van der Sterren, Paul"]
[Result "1-0"]
[WhiteElo "2400"]
[BlackElo "2475"]

1.c4 c6 2.Nf3 d5 3.b3 Bf5 4.g3 Nf6 5.Bg2 e6 6.Bb2 h6 7.O-O Be7 8.d3 O-O 9.Nbd2 Nbd7
10.Rc1 Re8 11.Rc2 Bh7 12.Qa1 Bd6 13.Ne5 Nxe5 14.Bxe5 Bxe5 15.Qxe5 Qb6 16.Nf3 Rad8
17.cxd5 exd5 18.Qd4 c5 19.Qa4 d4 20.Qc4 Qd6 21.a3 b6 22.b4 Nd7 23.Rb1 Ne5
24.Nxe5 Rxe5 25.Qa6 cxb4 26.axb4 Qe7 27.Bf3 Bf5 28.Rbc1 Qxb4 29.Qxa7 Re7
30.Qa1 Be6 31.Rb1 Qa5 32.Qb2 Qa4 33.Bc6 Qa7 34.Qxb6 Rc8 35.Be4 Qxb6 36.Rxc8+ Bxc8
37.Rxb6 f5 38.Rb8 fxe4 39.Rxc8+ Kf7 40.Rd8 exd3 41.exd3  1-0

[Event "Tel Aviv-B"]
[Site "Tel Aviv"]
[Date "1991.??.??"]
[Round "5"]
[White "Shvidler, Eliahu"]
[Black "Temanlis, Yoel"]
[Result "1/2-1/2"]
[WhiteElo "2425"]
[BlackElo "2255"]

1.c4 c6 2.Nf3 d5 3.d4 Nf6 4.e3 Bg4 5.Nbd2 Nbd7 6.h3 Bh5 7.b3 e6 8.Bb2 Ne4
9.a3 f5 10.Qc2 Ndf6 11.Bd3 Nxd2 12.Nxd2 Ne4 13.Nf3 Bd6 14.O-O-O Qe7 15.b4 Ng5
16.Be2 Ne4 17.c5 Bc7 18.Rdf1 O-O 19.Bd3 Bg6 20.g3 b6 21.cxb6 axb6  1/2-1/2

[Event "Torcy op"]
[Site "Torcy"]
[Date "1991.??.??"]
[Round "?"]
[White "Hauchard, Arnaud"]
[Black "Fayard, Alain"]
[Result "1-0"]
[WhiteElo "2420"]
[BlackElo "2300"]

1.c4 c6 2.d4 d5 3.Nf3 Nf6 4.Nc3 dxc4 5.a4 Bf5 6.Ne5 c5 7.e3 Nbd7 8.Qf3 e6
9.Bxc4 Qc7 10.Nb5 Qb8 11.Nxd7 Kxd7 12.Qd1 Ke8 13.Nc3 cxd4 14.Bb5+ Kd8 15.e4 Bg6
16.Qxd4+ Qd6 17.Qe3 Qc5 18.Qd3+ Bd6 19.b4 Qc7 20.Ba3 Nxe4 21.Nxe4 Bxe4 22.Qxe4  1-0

[Event "Tuzla"]
[Site "Tuzla"]
[Date "1991.??.??"]
[Round "13"]
[White "Palos, Osman"]
[Black "Stoinev, Metodi"]
[Result "1-0"]
[WhiteElo "2400"]
[BlackElo "2230"]

1.c4 c6 2.e4 e5 3.Nf3 Qa5 4.Nc3 Nf6 5.d3 d6 6.h3 Be7 7.Be2 Nbd7 8.Bd2 Qc7
9.d4 Nf8 10.Be3 Ng6 11.g3 O-O 12.Qd2 Nxe4 13.Nxe4 f5 14.Nxd6 Bxd6 15.c5 Be7
16.Bc4+ Kh8 17.dxe5 Nxe5 18.Nxe5 Qxe5 19.Qd4 Qxd4 20.Bxd4 b6 21.O-O-O bxc5
22.Be5 a5 23.Rhe1 Ra7 24.f4 h5 25.b3 Kh7 26.Kc2 g6 27.Bc3 a4 28.Re3 Bf6 29.Bxf6 Rxf6
30.Rd8 Bd7 31.Re7+  1-0

[Event "USA-ch (Women)"]
[Site "USA"]
[Date "1991.??.??"]
[Round "?"]
[White "Ruggiero, Pamela"]
[Black "Dimitrijevic, Vesna"]
[Result "0-1"]
[WhiteElo "2135"]
[BlackElo "2085"]

1.c4 c6 2.Nf3 Nf6 3.g3 d5 4.b3 Bf5 5.Bg2 h6 6.O-O e6 7.d3 Be7 8.Nbd2 O-O
9.Bb2 a5 10.a3 Re8 11.Qc2 Na6 12.Rad1 Qc7 13.e4 Bh7 14.Rfe1 Rad8 15.cxd5 exd5
16.e5 Nd7 17.Re3 Ndc5 18.Nd4 Bf8 19.f4 f6 20.N2f3 fxe5 21.Nxe5 Bd6 22.Qe2 Qb6
23.Bh3 Nc7 24.Kh1 Nxb3 25.Nd7 Nxd4 26.Rxe8+ Nxe8 27.Qf2 Qb3 28.Re1 Nc2 29.Be6+ Kh8
30.Bxg7+ Nxg7 31.Re2 Bxd3 32.Nf6 Bxe2 33.Qxe2 Nd4 34.Qg4 Qf3+ 35.Qxf3 Nxf3
36.f5 Nd4  0-1

[Event "Val Thorens op"]
[Site "Val Thorens"]
[Date "1991.??.??"]
[Round "?"]
[White "Mitev, Georgi"]
[Black "Kallai, Gabor"]
[Result "0-1"]
[WhiteElo "2330"]
[BlackElo "2460"]

1.c4 c6 2.Nf3 d5 3.b3 Bg4 4.Bb2 Nd7 5.d3 Bxf3 6.gxf3 Ngf6 7.f4 g6 8.Nd2 Bg7
9.e3 O-O 10.Qc2 a5 11.Be2 Ne8 12.h4 a4 13.b4 e5 14.cxd5 a3 15.Bc3 exf4 16.Bxg7 Nxg7
17.dxc6 fxe3 18.fxe3 Rc8 19.Qb3 Rxc6 20.h5 Qg5 21.hxg6 hxg6 22.e4 Rfc8 23.Nf3 Qg3+
24.Kd2 Qf4+ 25.Ke1 Qe3 26.Rd1 Rc1 27.Kf1 Nh5  0-1

[Event "Val Thorens op"]
[Site "Val Thorens"]
[Date "1991.??.??"]
[Round "?"]
[White "Lukasiewicz, Grzegorz"]
[Black "Kallai, Gabor"]
[Result "1/2-1/2"]
[WhiteElo "2275"]
[BlackElo "2440"]

1.c4 c6 2.Nf3 d5 3.b3 Bg4 4.Bb2 Nd7 5.g3 Ngf6 6.Bg2 e6 7.O-O Bd6 8.d3 Qe7
9.Nbd2 O-O 10.a3 a5 11.h3 Bh5 12.Nd4 Bc5 13.cxd5 cxd5 14.Nb5 Rfc8 15.Nf3 Bb6
16.d4 Ne4 17.a4 Rc6 18.Rc1 Rac8 19.Rxc6 Rxc6 20.Qd3 Qd8 21.Nd2 f5 22.Nxe4 fxe4
23.Qd2 Qc8 24.Bc3 Nf6 25.e3 Qa8 26.Rc1 Bd8 27.Bb2 Be7 28.Bf1 Bb4 29.Bc3 Be7
30.Rc2 Bf3 31.Qc1 Bd8 32.Bd2 h5 33.Nd6 Be7 34.Nb5 Bd8 35.Nd6  1/2-1/2

[Event "Valby K41"]
[Site "Valby"]
[Date "1991.??.??"]
[Round "8"]
[White "Danielsen, Henrik"]
[Black "Hector, Jonny"]
[Result "0-1"]
[WhiteElo "2405"]
[BlackElo "2500"]

1.c4 c6 2.d4 d5 3.Nc3 e5 4.cxd5 cxd5 5.Nf3 e4 6.Ne5 f6 7.Qa4+ Nd7 8.Nxd5 fxe5
9.dxe5 b5 10.Qxb5 Ne7 11.Bg5 Rb8 12.Qa4 Bb7 13.Ne3 Bc6 14.Qxa7 Ra8 15.Qd4 Qa5+
16.Qd2 Qxd2+ 17.Kxd2 Nxe5 18.f4 Nf7 19.Bxe7 Bxe7 20.Nc2 Bf6 21.Rb1 O-O 22.e3 Rfd8+
23.Kc1 Rxa2 24.Nb4 Ra5  0-1

[Event "Vrnjacka Banja"]
[Site "Vrnjacka Banja"]
[Date "1991.??.??"]
[Round "7"]
[White "Cvetkovic, Srdjan"]
[Black "Matulovic, Milan"]
[Result "1/2-1/2"]
[WhiteElo "2470"]
[BlackElo "2470"]

1.c4 c6 2.Nf3 Nf6 3.d4 d5 4.Qb3 dxc4 5.Qxc4 Bf5 6.g3 e6 7.Bg2 Nbd7 8.O-O Be7
9.Nc3 O-O 10.Re1 Ne4 11.a3 Qb6 12.e3 Rfd8 13.Qe2 c5 14.Nh4 Bxh4 15.Nxe4 Bxe4
16.Bxe4 Be7 17.Bg2 cxd4 18.exd4 Nf6 19.Be3 Nd5 20.Rac1 Qa5 21.Bd2 Qb6 22.Be3 Rd7
23.Rc2 Bf6 24.Rec1 Bxd4 25.Rc8+ Rd8 26.Rxa8 Rxa8 27.Bxd5 Bxe3  1/2-1/2

[Event "Vrnjacka Banja"]
[Site "Vrnjacka Banja"]
[Date "1991.??.??"]
[Round "11"]
[White "Kaspi, Alexander"]
[Black "Matulovic, Milan"]
[Result "1/2-1/2"]
[WhiteElo "2390"]
[BlackElo "2470"]

1.c4 c6 2.d4 Nf6 3.Nf3 d5 4.Qb3 dxc4 5.Qxc4 Bf5 6.g3 Nbd7 7.Bg2 e6 8.O-O Be7
9.Nc3 O-O 10.e3 Rc8 11.Qe2 c5 12.Rd1 Ne4 13.Ne1 Nxc3 14.bxc3 Qc7 15.e4 Bg6
16.Nd3 cxd4 17.cxd4 Qc2 18.Qxc2 Rxc2 19.Nf4 Rd8 20.Be3 b6 21.a4 Nf6 22.Nxg6 hxg6
23.h3 Bb4 24.Rdc1 Rdc8 25.Rxc2 Rxc2 26.Rc1 Rxc1+ 27.Bxc1 Bc3 28.Be3 e5 29.dxe5 Bxe5
30.Kf1 Nd7 31.Ke2 Nc5 32.a5 Bc3 33.axb6 axb6 34.f4 Kf8 35.Kf3 Ke7 36.Bf1 Nb3
37.Bxb6 Nd2+ 38.Kg2 Nxe4 39.Bd3 Nd6 40.Bc5 Ke6 41.Bb1 f5 42.Ba2+ Kd7 43.Bd5 Ne4
44.Ba3 Be1 45.Bxe4 fxe4 46.Bb2 e3 47.Kf3 e2 48.g4 Bd2 49.Kxe2 Bxf4 50.Bxg7 Ke6
51.Kf3 Bg5 52.Ke4  1/2-1/2

[Event "Vrnjacka Banja"]
[Site "Vrnjacka Banja"]
[Date "1991.??.??"]
[Round "12"]
[White "Cvetkovic, Srdjan"]
[Black "Maksimenko, Andrei"]
[Result "0-1"]
[WhiteElo "2470"]
[BlackElo "2370"]

1.c4 c6 2.Nf3 d5 3.d4 Nf6 4.Qb3 e6 5.Bg5 h6 6.Bxf6 Qxf6 7.Nc3 a5 8.e3 Nd7
9.Be2 Qg6 10.O-O Bd6 11.Qd1 O-O 12.Bd3 f5 13.Nd2 b6 14.f4 Ba6 15.Qe2 Nf6
16.Nf3 Ne4 17.Rac1 Rfc8 18.cxd5 Bxd3 19.Qxd3 exd5 20.Ne5 Qe6 21.Nxe4 fxe4
22.Qb3 Bxe5 23.fxe5 c5 24.h3 c4 25.Qb5 Qc6 26.Qxc6 Rxc6 27.a4 Rb8 28.Rc2 b5
29.axb5 Rxb5 30.Ra1 Ra6 31.Ra2 a4 32.Kf2 Rb3 33.Ke2 Kf7 34.Rc1 Ke7 35.Kd2 h5
36.Ke2 h4 37.Rc2 Kd7 38.Kf2 Kc6 39.Re2 Kb5 40.g3 g5 41.Kg2 a3 42.gxh4 gxh4
43.Kf2 axb2 44.Raxb2 Kb4 45.Rbc2 c3 46.Kg2 Kc4 47.Rf2 Kd3 48.Rce2 Rab6  0-1

[Event "Vrnjacka Banja"]
[Site "Vrnjacka Banja"]
[Date "1991.??.??"]
[Round "14"]
[White "Kaspi, Alexander"]
[Black "Maksimenko, Andrei"]
[Result "0-1"]
[WhiteElo "2390"]
[BlackElo "2370"]

1.c4 c6 2.d4 d5 3.Nf3 e6 4.Nc3 dxc4 5.a4 Bb4 6.e3 b5 7.Bd2 a5 8.axb5 Bxc3
9.Bxc3 cxb5 10.b3 Bb7 11.d5 Nf6 12.bxc4 b4 13.Bxf6 Qxf6 14.Qa4+ Nd7 15.Nd4 e5
16.Nb3 Ke7 17.Qb5 Ba6 18.Qxa5 Rhb8 19.d6+ Ke8 20.Qd5 Bb7 21.Qd2 Rxa1+ 22.Nxa1 Nc5
23.d7+ Kd8 24.Qxb4 Qd6 25.Qd2 Qa6 26.Qb2 Qa5+  0-1

[Event "Vrnjacka Banja"]
[Site "Vrnjacka Banja"]
[Date "1991.??.??"]
[Round "15"]
[White "Davies, Nigel R"]
[Black "Matulovic, Milan"]
[Result "1/2-1/2"]
[WhiteElo "2500"]
[BlackElo "2470"]

1.c4 c6 2.g3 Nf6 3.Bg2 d5 4.Nf3 Bf5 5.O-O e6 6.b3 Be7 7.Bb2 Nbd7 8.d3 h6
9.Nbd2 O-O 10.Qc2 Bh7 11.Bc3 a5 12.a3 Re8 13.Qb2 Bd6 14.Ne5 Nxe5 15.Bxe5 Bxe5
16.Qxe5 Qb8 17.Nf3  1/2-1/2

[Event "Hoogovens-B"]
[Site "Wijk aan Zee"]
[Date "1991.??.??"]
[Round "8"]
[White "Winants, Luc"]
[Black "Van der Sterren, Paul"]
[Result "1/2-1/2"]
[WhiteElo "2505"]
[BlackElo "2475"]

1.c4 c6 2.Nf3 d5 3.b3 Nf6 4.g3 Bf5 5.Bg2 e6 6.O-O Be7 7.Bb2 O-O 8.d3 h6 9.Nbd2 Nbd7
10.Qc2 Bh7 11.a3 a5 12.Bc3 b5 13.cxb5 cxb5 14.Qb2 b4 15.axb4 axb4 16.Bd4 Bd6
17.Rxa8 Qxa8 18.e4 Bc5 19.e5 Ne8 20.Rc1 Bxd4 21.Qxd4 Qb8 22.Ra1 Nc7 23.Ra5 Qb7
24.Qa7 Qc6 25.Qd4 Qc3 26.Qe3 Bxd3 27.h4 Rc8 28.Nd4 Bg6 29.N2f3 Qxe3 30.fxe3 Ra8
31.Rxa8+ Nxa8 32.Nc6 Be4 33.Nfd4 Bxg2 34.Kxg2 Nc7 35.Kf3 Na6 36.e4 dxe4+
37.Kxe4 Ndc5+ 38.Ke3 h5 39.Na5 Kf8 40.Ndc6 Ke8 41.Kd4 Kd7 42.Nb8+ Kc7 43.Nxa6+ Nxa6
44.Nc4 Kc6 45.Nd2 Nc5 46.Kc4 Kb6 47.Nf3 Ne4 48.Ng5 Nxg3 49.Nxf7 Nf5 50.Ng5 Nxh4
51.Nxe6 Nf5 52.Ng5 h4 53.Kxb4 Nd4 54.Kc4 Ne6 55.Nf3 h3 56.Kd5 g5 57.Nh2 Nc5  1/2-1/2

[Event "Oberliga Wuert9091"]
[Site "Wuerttemberg"]
[Date "1991.??.??"]
[Round "?"]
[White "Birke, Matthias"]
[Black "Gerstenberger, Heinz"]
[Result "0-1"]
[WhiteElo "2275"]
[BlackElo "2215"]

1.c4 c6 2.Nf3 Nf6 3.g3 d5 4.b3 Bf5 5.Bb2 e6 6.Bg2 Bd6 7.O-O O-O 8.d3 Nbd7
9.Nc3 Qb8 10.Rc1 h6 11.Re1 Rd8 12.Qc2 Bh7 13.cxd5 exd5 14.Bh3 Ne5 15.Nd4 Neg4
16.Na4 h5 17.Qd2 Re8 18.Nf3 Qd8 19.Nc5 Qe7 20.Bd4 b6 21.Na4 c5 22.Bb2 Rad8
23.Nc3 Bb8 24.Qg5 d4 25.Nb1 Rd5 26.Qd2 Ne5 27.Ng5 Bg6 28.Na3 h4 29.Bg2 hxg3
30.hxg3 Rdd8 31.Nc4 Neg4 32.Bf3 Qc7 33.Rf1 Ne3 34.Rfe1 b5 35.Na5 Re5 36.Ne4 Nxe4
37.dxe4 Rg5 38.fxe3 Qxg3+ 39.Kf1 Qg1+  0-1

[Event "Zalakaros op"]
[Site "Zalakaros"]
[Date "1991.??.??"]
[Round "5"]
[White "Badea, Bela"]
[Black "Velicka, Petr"]
[Result "1/2-1/2"]
[WhiteElo "2455"]
[BlackElo "2335"]

1.c4 c6 2.Nf3 Nf6 3.g3 d5 4.Bg2 Bg4 5.O-O Nbd7 6.d4 e6 7.b3 Bd6 8.Bb2 Bxf3
9.Bxf3 b5 10.Nd2 O-O 11.e4 dxe4 12.Nxe4 Nxe4 13.Bxe4 Rc8 14.Bc2 Be7 15.Qd3 g6
16.Rac1 bxc4 17.bxc4 Bf6 18.Ba3 c5 19.dxc5 Nxc5 20.Qf3 Bd4 21.Rfd1 e5 22.Be4 Nxe4  1/2-1/2

[Event "Zalakaros op"]
[Site "Zalakaros"]
[Date "1991.??.??"]
[Round "9"]
[White "Barczay, Laszlo"]
[Black "Velicka, Petr"]
[Result "0-1"]
[WhiteElo "2300"]
[BlackElo "2335"]

1.c4 c6 2.d4 d5 3.Nf3 Nf6 4.Qb3 Qb6 5.Nc3 e6 6.c5 Qd8 7.Bf4 Nbd7 8.e3 Nh5
9.Bd3 Nxf4 10.exf4 b6 11.cxb6 axb6 12.O-O Be7 13.f5 exf5 14.Bxf5 O-O 15.Rfe1 g6
16.Bh3 b5 17.a4 b4 18.Ne2 Bd6 19.Nc1 Ba6 20.Nd3 c5 21.Qxd5 Nf6 22.Qg5 Bxd3
23.dxc5 Ra5 24.Rac1 Be7 25.Qe3 Ne4 26.Ne5 Bxc5 27.Rxc5 Nxc5 28.Nc6 Qc7 29.Ne7+ Kg7
30.Qd4+ f6 31.Qxb4 Rxa4 32.Qc3 Re8 33.Nf5+ gxf5 34.Rxe8 Ra1+ 35.Re1 Rxe1+
36.Qxe1 Qe5 37.Qd2 Qe2 38.Qxe2 Bxe2 39.Bxf5 Nd3 40.b3 h6 41.f3 Kf7 42.h4 Ke7
43.g3 Ne5 44.f4 Nc6 45.Kf2 Bd1 46.g4 Nd4 47.Bc8 Kd8 48.Ke3 Kxc8  0-1

[Event "Zuerich op"]
[Site "Zuerich"]
[Date "1991.??.??"]
[Round "1"]
[White "Haas, Carmi"]
[Black "Shabalov, Alexander"]
[Result "0-1"]
[WhiteElo "2215"]
[BlackElo "2505"]

1.c4 c6 2.Nf3 d5 3.g3 Bg4 4.Bg2 Nd7 5.cxd5 cxd5 6.Qa4 Nf6 7.Ne5 Qc7 8.f3 Qxc1+
9.Kf2 Qxb2 10.Nxg4 Nxg4+ 11.fxg4 e6 12.Qb3 Bc5+ 13.e3 Qf6+ 14.Ke2 O-O 15.Nc3 Rac8
16.Rac1 Qe5 17.Qa4 Qd6 18.d4 Bb6 19.Nb5 Qb8 20.Qa3 a6 21.Qe7 Nf6 22.g5 Ne8
23.Na3 Nd6 24.Rxc8 Rxc8 25.Qd7 Rc3 26.Qa4 Qd8 27.Rb1 Ba5  0-1

[Event "Wch U26"]
[Site "Antwerp"]
[Date "1992.??.??"]
[Round "4"]
[White "Maeser, Fabian"]
[Black "Claesen, Pieter"]
[Result "1/2-1/2"]
[WhiteElo "2335"]
[BlackElo "2230"]

1.c4 c6 2.d4 d5 3.cxd5 cxd5 4.Nc3 Nf6 5.Nf3 Nc6 6.Bf4 Bf5 7.e3 e6 8.Qb3 Bb4
9.Bb5 O-O 10.O-O Bxc3 11.Qxc3 Ne4 12.Qa3 Qa5  1/2-1/2

[Event "AUT-chT"]
[Site "AUT"]
[Date "1992.??.??"]
[Round "?"]
[White "Uhlmann, Wolfgang"]
[Black "Kwatschewsky, Leo"]
[Result "1-0"]
[WhiteElo "2495"]
[BlackElo "2305"]

1.c4 c6 2.d4 d5 3.Nc3 Nf6 4.Nf3 e6 5.Bg5 Be7 6.e3 Nbd7 7.Bd3 a6 8.cxd5 exd5
9.O-O O-O 10.Qc2 Re8 11.Ne5 Nf8 12.Na4 Ng4 13.Bxe7 Rxe7 14.Nf3 f6 15.Qb3 Kh8
16.Rfe1 Nh6 17.Nc5 Nf7 18.e4 dxe4 19.Rxe4 Rxe4 20.Bxe4 Nd6 21.Bc2 b6 22.Ne4 Be6
23.Qb4 Nf7 24.Bb3 a5 25.Qc3 Bd5 26.Re1 Nd6 27.Bxd5 cxd5 28.Nxd6 Qxd6 29.g3 Kg8
30.Nh4 g6 31.Qe3 Rc8 32.Ng2 a4 33.Nf4 g5 34.Nd3 Kf7 35.f4 h6 36.Qf3 Ne6 37.fxg5 hxg5
38.Qf5 Rg8 39.Ne5+ Ke7 40.Rf1 Nf8 41.Ng4 Rg6 42.Ne3 Qe6 43.Nxd5+ Kf7 44.Qxe6+ Nxe6
45.Nxb6 Nxd4 46.Nxa4 f5 47.Rd1 Nf3+ 48.Kg2 g4 49.Nc5 Rb6 50.b3 Ke7 51.h4  1-0

[Event "AUT-chT"]
[Site "AUT"]
[Date "1992.??.??"]
[Round "?"]
[White "Titz, Heimo"]
[Black "Duer, Werner"]
[Result "1-0"]
[WhiteElo "2320"]
[BlackElo "2275"]

1.c4 c6 2.d4 d5 3.Nf3 Nf6 4.Nc3 dxc4 5.a4 Na6 6.e3 Bg4 7.Bxc4 e6 8.h3 Bh5
9.O-O Nb4 10.Qe2 Be7 11.Rd1 O-O 12.Bb3 c5 13.dxc5 Qc7 14.e4 Bxc5 15.Be3 Bxe3
16.Qxe3 Bxf3 17.Qxf3 Rfd8 18.Qe3 a6 19.f4 Rxd1+ 20.Rxd1 Rd8 21.Rxd8+ Qxd8
22.e5 Nd7 23.Ne4 Qc7 24.Kh2 a5 25.Qg3 Kf8 26.Nd6 Nc5 27.f5 Qe7 28.Bc4 Nc6
29.fxe6 Nxe6 30.Bb5 Ned4 31.Nc4 Qc5 32.Qe3 Qd5 33.Bxc6 Nxc6 34.b3 h6 35.Qb6 Qe4
36.Qc5+ Kg8 37.Nxa5 Nxe5 38.Nc4 Qf4+ 39.Kh1 Nd3 40.Qd5 Qf1+ 41.Kh2 Qf4+ 42.g3 Qf2+
43.Qg2 Qxg2+ 44.Kxg2 Nc5 45.Nd2 f5 46.Kf3 Kf7 47.Ke3 Ke6 48.Kd4 Na6 49.Nf3 g5
50.Kc4 g4 51.hxg4 fxg4 52.Nh4 Ke5 53.b4 h5 54.b5 Nb8 55.a5 Kd6 56.Ng6 Nd7
57.Nf4 Ne5+ 58.Kb4 h4 59.gxh4 g3 60.Ng2 Kd5 61.h5 Ng4 62.Nf4+ Kd6 63.Kc4 Ne3+
64.Kd4 Nf5+ 65.Kc4 Ne3+ 66.Kd3 Nf5 67.Ng2 Kc5 68.a6 bxa6 69.bxa6 Kb6 70.Ke4 Nh6
71.Kf4 Kxa6 72.Kxg3 Kb6 73.Kf4 Kc7 74.Ke5 Kd7 75.Kf6 Ke8 76.Kg6 Nf7 77.Kg7 Ke7
78.Nf4 Nd6 79.Nd5+ Ke6 80.Ne3 Ne8+ 81.Kg6 Nd6 82.h6 Nf7 83.h7 Ke7 84.Kg7 Nh8
85.Ng4 Ke8 86.Ne5  1-0

[Event "Bad Woerishofen op"]
[Site "Bad Woerishofen"]
[Date "1992.??.??"]
[Round "5"]
[White "Cifuentes Parada, Roberto"]
[Black "Libeau, Rene"]
[Result "1-0"]
[WhiteElo "2540"]
[BlackElo "2390"]

1.c4 c6 2.Nf3 d5 3.e3 Nf6 4.Nc3 a6 5.d4 b5 6.b3 Bf5 7.Bd3 e6 8.O-O Nbd7 9.Qc2 Bxd3
10.Qxd3 Be7 11.e4 dxe4 12.Nxe4 O-O 13.Nc3 h6 14.Bf4 Nh5 15.Be3 Rc8 16.Rfd1 Nhf6
17.h3 Qc7 18.Rac1 Qb8 19.a4 b4 20.Ne2 Rfd8 21.Bf4 Qb7 22.Ng3 Bf8 23.Ne4 Nxe4
24.Qxe4 Nf6 25.Qe3 Bd6 26.Be5 Be7 27.Rd3 Nd7 28.Bf4 Bf8 29.Rcd1 a5 30.Ne5 Nxe5
31.dxe5 Rxd3 32.Rxd3 Be7 33.Bxh6 Qc7 34.Qg3 Bf8 35.Bg5 c5 36.h4 Qc6 37.Qg4  1-0

[Event "Baden-Baden-B"]
[Site "Baden-Baden"]
[Date "1992.??.??"]
[Round "9"]
[White "Schlosser, Philipp"]
[Black "Tischbierek, Raj"]
[Result "1/2-1/2"]
[WhiteElo "2500"]
[BlackElo "2495"]

1.c4 c6 2.d4 d5 3.Nf3 Nf6 4.Qc2 dxc4 5.Qxc4 Bf5 6.g3 e6 7.Bg2 Nbd7 8.Nc3 Be7
9.O-O O-O 10.e3 Ne4 11.Qe2 c5 12.Nd2 Nxd2 13.Bxd2 cxd4 14.exd4 Nf6 15.Be3 Qd7
16.Qc4 Rac8 17.Qb3 Bd3 18.Rfc1 b6 19.Nd5  1/2-1/2

[Event "Baden-Baden"]
[Site "Baden-Baden"]
[Date "1992.??.??"]
[Round "9"]
[White "Lautier, Joel"]
[Black "Jussupow, Artur"]
[Result "1-0"]
[WhiteElo "2580"]
[BlackElo "2640"]

1.c4 c6 2.e4 d5 3.exd5 cxd5 4.cxd5 Nf6 5.Bb5+ Nbd7 6.Nc3 g6 7.d4 Bg7 8.d6 exd6
9.Qe2+ Kf8 10.Nf3 h6 11.O-O Nb6 12.Bd3 Kg8 13.Bf4 Kh7 14.h3 Re8 15.Qd2 Nfd5
16.Bg3 Nxc3 17.bxc3 Be6 18.Rab1 Qc7 19.h4 Rac8 20.Rfc1 Bc4 21.h5 Qc6 22.Bc2 Re2
23.Qf4 Rxc2 24.Rxc2 Bd3 25.Rbc1 Bxc2 26.Rxc2 Qb5 27.Rc1 Qxh5 28.Qxf7 Qd5
29.Qe7 Nc4 30.Rb1 b6 31.Re1 Rf8 32.Qxa7 Rf7 33.Re7 Rxe7 34.Qxe7 b5 35.Qd7 Kg8
36.Qe7 g5 37.Ne1 b4 38.cxb4 Bxd4 39.Qe2 Bf6 40.Qd3 Qe6 41.Qg6+ Kf8 42.Qxh6+ Ke7
43.Qh7+ Kd8 44.Qb1 Nd2 45.Qd1 Ne4 46.Qe2 Ke7 47.Bh2 Bd4 48.Nd3 Kd7 49.Kf1 Qf5
50.f3 Nc3 51.Qc2 Qb5 52.a3 Qa6 53.Bg1 Bf6 54.Be3 Qxa3 55.Kf2 Qa6 56.Bxg5 Qc4
57.Qd2 Nb1 58.Qe2 Bd4+ 59.Be3 Bxe3+ 60.Qxe3 Nc3 61.Kg1 Nd5 62.Qe4 Qxe4 63.fxe4 Nc3
64.e5 dxe5 65.Nxe5+ Kd6 66.Nd3 Kd5 67.Ne1 Kc4 68.Nc2 Nd5 69.g4 Kd3 70.g5 Ke4
71.b5 Ke5 72.Kf2 Nc3 73.b6 Ne4+ 74.Kg2 Kd6 75.g6 Nf6 76.g7 Kd7 77.Nb4  1-0

[Event "Bankia tt"]
[Site "Bankia"]
[Date "1992.??.??"]
[Round "6"]
[White "Tiberkov, Ivan"]
[Black "Stoinev, Metodi"]
[Result "0-1"]
[WhiteElo "2290"]
[BlackElo "2380"]

1.c4 c6 2.d4 d5 3.Nf3 Nf6 4.Nc3 dxc4 5.a4 Bf5 6.e3 e6 7.Bxc4 Bb4 8.O-O Nbd7
9.Nh4 O-O 10.Nxf5 exf5 11.Qb3 a5 12.Rd1 Qe7 13.Bd2 g6 14.h3 h5 15.Ne2 Bxd2
16.Rxd2 Ne4 17.Rc2 Ndf6 18.Nf4 Kg7 19.Nd3 Nd6 20.Qa3 Rfe8 21.Ba2 h4 22.Rb1 Nde4
23.Ne5 Nd6 24.b4 axb4 25.Rxb4 Nfe4 26.Qb2 Ra7 27.Nd3 Qf6 28.Nc5 Re7 29.Nd3 Ra5
30.Nc5 Nxc5 31.Rxc5 Rxc5 32.dxc5 Qxb2 33.Rxb2 Ne4 34.Rb4 Nxc5 35.Rxh4 Ne4
36.Rf4 b5 37.axb5 cxb5 38.g4 Nc3 39.Bb3 Ne2+  0-1

[Event "Berliner Sommer"]
[Site "Berlin"]
[Date "1992.??.??"]
[Round "?"]
[White "Ragozin, Evgeni"]
[Black "Stoinev, Metodi"]
[Result "1-0"]
[WhiteElo "2505"]
[BlackElo "2400"]

1.c4 c6 2.e4 e5 3.Nf3 Qa5 4.Be2 Nf6 5.Nc3 Bb4 6.Qc2 O-O 7.O-O d6 8.Na4 b5
9.a3 Qxa4 10.Qxa4 bxa4 11.axb4 Nxe4 12.Rxa4 Nd7 13.d3 Nef6 14.Be3 a6 15.Nd2 Bb7
16.Nb3 Rac8 17.d4 exd4 18.Nxd4 g6 19.Nb3 Rfe8 20.Rd1 Nb6 21.Raa1 d5 22.Na5 Ba8
23.c5 Nbd7 24.Bxa6 Rc7 25.Re1 Re4 26.Bd2 Ra7 27.Bf1 Bb7 28.f3 Re6 29.Rec1 Bc8
30.Nb3 Rxa1 31.Rxa1 Ne5 32.Ra8 Re8 33.Bc3 Ned7 34.Na5 d4 35.Bxd4 Nd5 36.Nxc6 Nf8  1-0

[Event "Bern Training"]
[Site "Bern"]
[Date "1992.??.??"]
[Round "2"]
[White "Kortschnoj, Viktor"]
[Black "Franzoni, Giancarlo"]
[Result "1-0"]
[WhiteElo "2585"]
[BlackElo "2440"]

1.c4 c6 2.Nf3 d5 3.e3 Nf6 4.Nc3 g6 5.d4 Bg7 6.Bd3 O-O 7.O-O Bg4 8.h3 Bxf3
9.Qxf3 dxc4 10.Bxc4 Nbd7 11.Rd1 Re8 12.e4 b5 13.Bb3 b4 14.Ne2 e5 15.dxe5 Rxe5
16.Bf4 Rxe4 17.Ng3 Re7 18.Qxc6 Qc8 19.Qd6 Bf8 20.Qxb4 Re4 21.Qd2 Bb4 22.Qc1 Qxc1
23.Bxc1 Re1+ 24.Rxe1 Bxe1 25.Be3 Ba5 26.Rc1 Bd8 27.Bxa7 Rxa7 28.Rc8 Kg7 29.Rxd8 Ne5
30.Bd5 Nd3 31.Bxf7 Nxb2 32.Bb3 Na4 33.Rc8 Nb6 34.Rc5 Na4 35.Rc6 Nb2 36.Ne2 Nd3
37.Nd4 Ne4 38.Ne6+ Kh6 39.Rc4 Ndxf2  1-0